Statistiques concernant Noël en plusieurs langues

Cliquez ici pour prendre le quiz!

Statistiques générales

  • Ce quiz a été pris 36 fois
  • Le résultat moyen est 4 sur 10

Statistiques - réponses

LangueRéponse% Correct
AnglaisChristmas
100%
EspagnolNavidad
94%
TurcNoel
53%
PortugaisNatal
41%
SuédoisJul
28%
ItalienNatale
28%
AllemandWeihnachten
13%
PolonaisBoże Narodzenie
6%
RoumainCrăciun
6%
NéerlandaisKerstmis
6%

Distribution des résultats

Percentile par nombre de réponses

% des personnes avec chaque résultat

Votre développement - résultats

Vous n’avez pas pris ce quiz